|
|
|
แสดงรายละเอียดบรรณานุกรม |
|
|
Brief Record
: Get Marc (ISO 2709)
: E-mail record
: |
|
|
| LEADER 00000nam 2200000uu 4500 | |||
| 001 13399128523 | |||
| 003 BCNR | |||
| 008 250121s2567||||th 000 0 tha d | |||
| 020 ^a9786164263604 | |||
| 041 ^atha | |||
| 060 4 ^aWY156^bธ582ก 2567 | |||
| 100 0 ^aธิดารัตน์ คำบุญ | |||
| 245 00 ^aการพยาบาลผู้ป่วยมะเร็งปอด =^bNursing care for patients with lung cancer /^cธิดารัตน์ คำบุญ | |||
| 246 31 ^aNursing care for patients with lung cancer | |||
| 250 ^aพิมพ์ครั้งที่ 1 | |||
| 260 ^aพิษณุโลก :^bสำนักพิมพ์มหาวิทยาลัยนเรศวร,^c2567 | |||
| 300 ^a484 หน้า :^bภาพประกอบ, ตาราง ;^c26 ซม. | |||
| 505 0 ^aบทที่ 1 ความรู้เกี่ยวกับโรคมะเร็งและมะเร็งปอด -- บทที่ 2 บทบาทและสมรรถนะของพยาบาลวิชาชีพในการดูแลผู้ป่วยมะเร็งปอด -- บทที่ 3 การพยาบาลผู้ป่วยมะเร็งปอดที่ได้รับการรักษาด้วยวิธีต่างๆ -- บทที่ 4 อาการ กลุ่มอาการ การจัดการอาการและกลุ่มอาการ -- บทที่ 5 กรณีศึกษา | |||
| 650 4 ^aปอด^xมะเร็ง^xการพยาบาล | |||
| 999 ^aบรรณารักษ์ | |||
| คุณยังไม่ได้ล็อกอิน คุณสามารถมีกิจกรรมร่วมกับเว็บไซต์ได้ แต่ต้องล็อกอินก่อน :: |
|
| สถานะ | |||||||||
| 1. | หนังสือ | WY156 ธ582ก 2567 c.1 Barcode: 086061 | ►หนังสือทั่วไป | On Shelf | |||||
| 2. | หนังสือ | WY156 ธ582ก 2567 c.2 Barcode: 086062 | ►หนังสือทั่วไป | ถูกยืม กำหนดส่งวันที่ จอง | |||||
| 3. | หนังสือ | WY156 ธ582ก 2567 c.3 Barcode: 086063 | ►หนังสือทั่วไป | On Shelf *เพิ่งรับคืน | |||||
| 4. | หนังสือ | WY156 ธ582ก 2567 c.4 Barcode: 087779 | ►หนังสือทั่วไป | On Shelf | |||||
| 5. | หนังสือ | WY156 ธ582ก 2567 c.5 Barcode: 087780 | ►หนังสือทั่วไป | On Shelf | |||||
| 6. | หนังสือ | WY156 ธ582ก 2567 c.6 Barcode: 087781 | ►หนังสือทั่วไป | On Shelf | |||||
| 7. | หนังสือ | WY156 ธ582ก 2567 c.7 Barcode: 087782 | ►หนังสือทั่วไป | On Shelf | |||||
| 8. | หนังสือ | WY156 ธ582ก 2567 c.8 Barcode: 087783 | ►หนังสือทั่วไป | On Shelf | |||||
| 9. | หนังสือ | WY156 ธ582ก 2567 c.9 Barcode: 087784 | ►หนังสือทั่วไป | On Shelf | |||||
| 10. | หนังสือ | WY156 ธ582ก 2567 c.10 Barcode: 087785 | ►หนังสือทั่วไป | On Shelf | |||||
| 11. | หนังสือ | WY156 ธ582ก 2567 c.11 Barcode: 087786 | ►หนังสือทั่วไป | On Shelf | |||||
| 12. | หนังสือ | WY156 ธ582ก 2567 c.12 Barcode: 087787 | ►หนังสือทั่วไป | On Shelf | |||||
| | |||||||||
BibComment |
| คอมเมนท์ทรัพยากรรายการนี้ |
|
|